000 00325nam a2200133Ia 4500
008 191201s2005 xx 000 0 und d
100 _aKRISHNASWAMY, K.N.
245 0 _aCases in Production/Operations Management
250 _a1st
260 _aN.Delhi
_bPHI
_c2005
300 _a294
650 _aB.Tech(IT)
942 _2ddc
_cBK
999 _c2878
_d2878